Plan de marketing en la práctica (Registro nro. 21617)
[ vista simple ]
| 000 -Cabecera | |
|---|---|
| Campo de control interno | 00989nam a2200241Ia 4500 |
| 005 - Fecha y hora del registro | |
| control field | 20260422162147.0 |
| 008 - Elementos de Longitud Fija | |
| fixed length control field | 260320s9999||||xx |||||||||||||| ||und|| |
| 020 ## - ISBN | |
| ISBN | 8473561201 |
| 041 ## - Idioma | |
| Codigo Idioma | ESP |
| 082 ## - DEWEY y NOTACIÓN INTERNA | |
| Dewey | 658.8 |
| Notación Interna | S16 |
| 100 ## - AUTOR | |
| Autor denominación | Sainz de Vicuña Ancín, José Maria, |
| Término de relación | autor |
| 245 #0 - TÍTULO DE MATERIAL BIBLIOGRÁFICO | |
| Título | Plan de marketing en la práctica |
| 250 ## - EDICIÓN | |
| Edición | Tercera edición |
| 260 ## - CIUDAD, EDITORIAL, AÑO | |
| Ciudad | Madrid : |
| Nombre de la Editorial | Ediciones ESIC, |
| Año | 1995 |
| 300 ## - DESCRIPCIÓN | |
| N° Páginas | 348 páginas : |
| Otros detalles | cuadros, gráficos ; |
| Dimensiones | 22 cm. |
| 650 ## - TEMAS | |
| Temas | Tecnología (Ciencias Aplicadas) |
| 653 ## - DESCRIPTORES | |
| Lenguajes no controlado | Administración; Gerencia de mercado; Plan de marketing |
| 654 ## - PROGRAMAS | |
| Programa | Dpto. de Administración de Negocios |
| 856 ## - URL - UBICACIÓN | |
| URI/URL: Enlace exacto del recurso | <a href="https://0u213xits-y-https-ebooks7--24-com.itmsp.museknowledge.com/visorEpub.aspx?i=31453&t=6FD85C47-1F1C-4E7B-944A-A54F68AA76CC">https://0u213xits-y-https-ebooks7--24-com.itmsp.museknowledge.com/visorEpub.aspx?i=31453&t=6FD85C47-1F1C-4E7B-944A-A54F68AA76CC</a> |
| Nota pública: Versión digital | <a href="Véase además: Marketing, por Roger Kerin y Steven Hartley. Versión digital">Véase además: Marketing, por Roger Kerin y Steven Hartley. Versión digital</a> |
| 856 ## - URL - UBICACIÓN | |
| URI/URL: Enlace exacto del recurso | <a href="https://0u213wl13-y-https-ebooks7--24-com.itmsp.museknowledge.com/biblioteca.aspx">https://0u213wl13-y-https-ebooks7--24-com.itmsp.museknowledge.com/biblioteca.aspx</a> |
| Nota pública: Versión digital | <a href="Véase además: Base de datos Ebook7-24">Véase además: Base de datos Ebook7-24</a> |
| 942 ## - ELEMENTOS DE KOHA | |
| Tipo de documento | Libro |
| Nombre del creador | Justo Noguera |
| Código de catalogador | Tania Ramirez |
| Esquema de clasificación | Dewey Decimal Classification |
| Codigo completo | Registro | Colección | Copia número | Disponibilidad | Tipo de préstamo | Biblioteca Actual | Procedencia (Biblioteca) | Ubicacón | Fecha Ingreso | Tipo de Adquisición | Observación | Date last seen | Total checkouts | Price effective from | Tipo de Item | Estado del Material | Fuente de Clasificación | Damaged status | Withdrawn status |
|---|---|---|---|---|---|---|---|---|---|---|---|---|---|---|---|---|---|---|---|
| 658.8 S16 | 1084998 | Universidad Católica San Pablo | 1 | Disponible | Disponible | Víctor Andrés Belaunde | Víctor Andrés Belaunde | Planta baja cerrada | 10/03/2026 | Compra | Contabilidad | 20/03/2026 | 20/03/2026 | Libro | Bueno | Dewey Decimal Classification |




